000 00445nam a2200181Ia 4500
001 14372
005 20260306164909.0
008 260306t2023||||xx |||||||||||||| ||spa||
041 _aESP
082 _a512.5
_bG91
100 _aRoque Núñez, Roberto Alonso,
_eAUT
245 0 _aGuía de práctica de álgebra lineal
260 _c2023
300 _a255 páginas :
_c30 cm.
650 _aGEN
654 _aCMA
942 _cLIB
_dJUS
_fJUS
_2ddc
_n
999 _c14372
_d14372